|
|
|
|
| LEADER |
01082nam a2200277 a 4500 |
| 001 |
12227130 |
| 008 |
110421s2001 nyua b 001 0 eng |
| 010 |
|
|
|a 00066232
|
| 020 |
|
|
|a 0071360514 (alk. paper)
|
| 040 |
|
|
|a DLC
|c DLC
|d DLC
|d BD-DhAAL
|
| 042 |
|
|
|a pcc
|
| 050 |
0 |
0 |
|a HG4028.V3
|b E53 2001
|
| 082 |
0 |
0 |
|a 658.15
|2 21
|
| 100 |
1 |
|
|a English, James R.
|
| 245 |
1 |
0 |
|a Applied equity analysis :
|b stock valuation techniques for Wall Street professionals /
|c James R. English.
|
| 260 |
|
|
|a New York :
|b McGraw-Hill,
|c c2001.
|
| 300 |
|
|
|a xiv, 422 p. :
|b ill. ;
|c 24 cm.
|
| 490 |
0 |
|
|a [Irwin library of investment & finance]
|
| 500 |
|
|
|a Series statement on jacket.
|
| 504 |
|
|
|a Includes bibliographical references (p. 409-414) and index.
|
| 541 |
1 |
|
|e 00016643
|
| 650 |
|
0 |
|a Corporations
|x Valuation.
|
| 650 |
|
0 |
|a Corporations
|x Finance.
|
| 852 |
1 |
|
|a Ayesha Abed Library
|c General Shelf.
|
| 999 |
|
|
|c 10757
|d 10757
|
| 952 |
|
|
|0 0
|1 0
|4 0
|6 658_150000000000000_ENG
|7 0
|9 16177
|a BRACUL
|b BRACUL
|c GEN
|d 2011-04-21
|l 2
|m 19
|o 658.15 ENG
|p 3010016643
|r 2021-10-28
|s 2020-01-20
|t 2
|w 2011-04-21
|y BK
|x Available
|